000 00255nam a22001097a 4500
008 131217t xxu||||| |||| 00| 0 eng d
020 _a0-00-711928-3
100 _aAgatha Christie
_9447
245 _aThe Murder on the Links
300 _a340
942 _2ddc
_cBK
999 _c16718
_d16718